Icons of Madras (Record no. 47290)

MARC details
000 -LEADER
fixed length control field 00689nam a22001697a 4500
005 - DATE AND TIME OF LATEST TRANSACTION
control field 20260218152745.0
008 - FIXED-LENGTH DATA ELEMENTS--GENERAL INFORMATION
fixed length control field 260218b |||||||| |||| 00| 0 eng d
020 ## - INTERNATIONAL STANDARD BOOK NUMBER
International Standard Book Number 9789387791213
040 ## - CATALOGING SOURCE
Transcribing agency VITAP
082 ## - DEWEY DECIMAL CLASSIFICATION NUMBER
Edition number 23
Classification number 954.821 RAM
100 ## - MAIN ENTRY--PERSONAL NAME
Personal name Ramakrishnan, Kamala
9 (RLIN) 17115
245 ## - TITLE STATEMENT
Title Icons of Madras
Remainder of title : A Selection of The City`s Memorable, go-to Establishments And Institutions of Yesteryear
Statement of responsibility, etc. / Kamala Ramakrishnan
260 ## - PUBLICATION, DISTRIBUTION, ETC.
Place of publication, distribution, etc. Chennai
Name of publisher, distributor, etc. THG Publishing Pvt Ltd.
Date of publication, distribution, etc. 2023
300 ## - PHYSICAL DESCRIPTION
Extent 150p, ill.: 26cm
650 #0 - SUBJECT ADDED ENTRY--TOPICAL TERM
Topical term or geographic name entry element City History & Heritage, Historic Institutions, Iconic Business Establishments, Architecture & Urban Landmarks, Cultural & Social Life etc.
9 (RLIN) 17116
942 ## - ADDED ENTRY ELEMENTS (KOHA)
Source of classification or shelving scheme Dewey Decimal Classification
Koha item type Reference Book
Holdings
Withdrawn status Lost status Source of classification or shelving scheme Materials specified (bound volume or other part) Damaged status Not for loan Collection code Home library Current library Shelving location Date acquired Source of acquisition Cost, normal purchase price Inventory number Total Checkouts Full call number Barcode Date last seen Cost, replacement price Price effective from Koha item type Public note
    Dewey Decimal Classification Paper Back   Not For Loan Reference School of Business & General Section VIT-AP Reference 2026-01-12 The Hindu Group of Publications 399.00 9001173329   954.821 RAM 025502 2026-02-18 399.00 2026-01-12 Reference Book GEN

Visitor Number: